ភ្នំដោះក្រមុំ : (Record no. 9139)

MARC details
000 -LEADER
fixed length control field 03223nam a22003017a 4500
001 - CONTROL NUMBER
control field 9139
003 - CONTROL NUMBER IDENTIFIER
control field FISKH
005 - DATE AND TIME OF LATEST TRANSACTION
control field 20251125105748.0
008 - FIXED-LENGTH DATA ELEMENTS--GENERAL INFORMATION
fixed length control field 251125b cb ||||| |||| 00| 0 eng d
020 ## - INTERNATIONAL STANDARD BOOK NUMBER
International Standard Book Number 9789996301131
040 ## - CATALOGING SOURCE
Original cataloging agency FISKH
Language of cataloging khr
Transcribing agency FISKH
Modifying agency FISKH
082 ## - DEWEY DECIMAL CLASSIFICATION NUMBER
Classification number 398.209596
100 ## - MAIN ENTRY--PERSONAL NAME
Personal name Kimsun, Sotheary
245 ## - TITLE STATEMENT
Title ភ្នំដោះក្រមុំ :
Remainder of title Phnom Doh Kromom ( Female breast mountain ) /
Statement of responsibility, etc. រៀបរៀងដោយ អ្នកស្រី គឹមស៊ុន សុធារី , គណះកម្មការអំណាន លោក​ វ៉ាន់ សុភ័ក្រ្ត និង កញ្ញា ហេង ចរិយា​
260 ## - PUBLICATION, DISTRIBUTION, ETC.
Place of publication, distribution, etc. Phnom Penh :
Name of publisher, distributor, etc. Reading Books ,
Date of publication, distribution, etc. 2011.
300 ## - PHYSICAL DESCRIPTION
Extent 22​ pages :
Other physical details color illustrations ;
Dimensions 25 cm .
490 ## - SERIES STATEMENT
Series statement ពិភពរឿងនិទាន​
505 ## - FORMATTED CONTENTS NOTE
Formatted contents note J <br/>
520 ## - SUMMARY, ETC.
Summary, etc. ភ្នំដោះក្រមុំស្ថិតនៅក្នុងខេត្តមណ្ឌលគិរី ។ ការដាក់ឈ្មោះភ្នំនេះគឺយោងទៅតាមរូបរាងនៃភ្នំមានសភាពដូចសុដន់នារីក្រមុំព្រហ្មចារីកំពុងដេកផ្ងារ ។ មានបុរសម្នាក់ឈ្មោះស្រុះ និងស្រ្តីម្នាក់ឈ្មោះផ្លំ​អ្នកទាំងពីរចាប់ចិត្តស្រលាញ់គ្នា ។<br/>ក្រោយមកផ្លំបានបាត់ខ្លួនអ្នកស្រុកមានជំនឿថាការបាត់ខ្លួនគឺដោយសារបារមីលោកយាយពីរនាក់ចង់អោយនាងមកថែរក្សាអ្នកស្រុកនៅម្តុំនេះ ។ ហើយនាងក៏សុំលោកយាយមកយកស្រុះមករស់នៅជាមួយនាង ។ ហើយលោកយាយក៏បានផ្តាំថាចាប់ពីថ្ងៃនេះតទៅសូមអោយអ្នកស្រុកហៅភ្នំនេះថា ភ្នំស្រុះផ្លំ វិញ ។
520 ## - SUMMARY, ETC.
Summary, etc. Phnom Dos Kramom is located in Mondulkiri Province. The mountain received its name because its shape resembles the breasts of a young virgin woman lying on her back. There was a man named Sroh and a woman named Phlom who fell in love with each other.<br/>Later on, Phlom disappeared, and the villagers believed that her disappearance was due to the blessing of two ancestral spirits who wanted her to stay and take care of the people living in that area. Phlom then asked the ancestral spirits to bring Sroh to live with her. The spirits agreed and advised that from that day onward, the villagers should call the mountain “Phnom Sroh Phlom.
521 8# - TARGET AUDIENCE NOTE
Target audience note 500 <br/>
Source Lexile estimate <br/>
521 8# - TARGET AUDIENCE NOTE
Target audience note J <br/>
Source Raz-Plus <br/>
650 ## - SUBJECT ADDED ENTRY--TOPICAL TERM
Topical term or geographic name entry element ភ្នំដោះក្រមុំ
Form subdivision រឿងនិទានកុមារ​
650 ## - SUBJECT ADDED ENTRY--TOPICAL TERM
Topical term or geographic name entry element Phnom Doh Kromom
Form subdivision Children's Stories
700 ## - ADDED ENTRY--PERSONAL NAME
Personal name San, Thai
Relator term Illustrator
942 ## - ADDED ENTRY ELEMENTS (KOHA)
Source of classification or shelving scheme Dewey Decimal Classification
Koha item type Khmer Books
Suppress in OPAC No
Holdings
Withdrawn status Lost status Source of classification or shelving scheme Damaged status Not for loan Collection Home library Current library Shelving location Date acquired Total Checkouts Full call number Barcode Date last seen Price effective from Koha item type
    Dewey Decimal Classification     Khmer-English Bilingual / ភាសាខ្មែរ-អង់គ្លេស Footprints International School Library Network Toul Tom Poung Campus Footprints International School Library Network Toul Tom Poung Campus TTP Primary Khmer Bookshelves 11/25/2025   SOT 398.209596 2025-4897 11/25/2025 11/25/2025 Khmer Books